Statistics for Old Brand Logos Quiz #1

Click here to take the quiz!

General Stats

  • This quiz has been taken 3,871 times
    (706 since last reset)
  • The average score is 13 of 20

Answer Stats

Brand % Correct
Visa
97%
Pizza Hut
95%
Monopoly
94%
Ford
92%
Pringles
91%
Instagram
86%
NASA
85%
Michelin
80%
American Airlines
76%
Burger King
75%
John Deere
66%
Volkswagen
65%
NBC
61%
Fanta
59%
Reebok
53%
UPS
44%
MLS
27%
AT&T
22%
Amazon
10%
Lego
9%

Score Distribution

Percentile by Number Answered

Percent of People with Each Score

Your Score History

You have not taken this quiz since the last reset